000 00675nam a22002417a 4500
005 20191220151322.0
008 140521b xxu||||| |||| 00| 0 eng d
020 _a9788126544349
_cRs. 839.00
040 _aLoreto College
_bEng
041 _aEnglish
082 _a658.4
_bSAM
100 _aSamuelson,William F.
245 _aManagerial Economics
_cWilliam F.Samuelson and Stephen G.Marks
250 _a6th ed.
260 _aNew Delhi
_bWiley-India
_c2010
300 _a745 p.
_b22 cm.
504 _aIncludes index
650 _aEconomics for managers
650 _aManagerial decision making
700 _4Auth
_aMarks,Stephen G.
850 _aLCLIB
942 _cBK
999 _c42549
_d93028